000 00498nam a2200181Ia 4500
005 20250326142803.0
008 250326s9999 xx 000 0 und d
037 _aTextbook
040 _aFMSL
_beng
_cFMSL
041 _aeng
_2eng
084 _aX:89A M4
_qFMSL
100 _aBuff E S
_9746612
245 0 _aModern production/operation management
_cBuff E S
260 _aDelhi
_bDelhi, Willey Eastern
_c1984
300 _a696p
942 _cTB
_hX:89A M4
999 _c1296628
_d1296628